Super Mario Characters Quiz - Statistics

General Stats
  • This quiz has been taken 48 times
  • The average score is 11 of 15
Answer Stats
Hint Answer % Correct
Plumber with green hat Luigi
100%
Plumber with red hat Mario
100%
Bad guy with upside-down "L" on hat Waluigi
100%
Bad guy with "W" on hat Wario
100%
Main antagonist Bowser
98%
Self-reviving bone guy Dry Bones
91%
Princess of the toads Princess Peach
81%
Green rideable dinosaur Yoshi
81%
Ghost enemy Boo
79%
Bowser, but boney Dry Bowser
72%
King of the above King Boo
63%
Assistant of Bowser Kamek
58%
Bomber ____ Bomber Bill
47%
Bowser's army Koopa Troop
44%
Piranha plant that can walk Petey Piranha
26%
No matching quizzes found
Score Distribution
Percent of People with Each Score
Percentile by Number Answered
Your Score History
You have not taken this quiz